000 00499nam a2200181Ia 4500
008 240925s9999 xx 000 0 und d
020 _a9788131215197
082 _a621.3822 TAN
100 _aTan, Li
245 0 _aDigital Signal Processing: fundamentals and applications
250 _aNA
260 _aNew Delhi:
_bAcademic press
_c,2008.
300 _axviii,1136p.
_b0
_fOriginal
500 _aIncludes Index
600 _aTelecommunication Engineering
650 _aTechnology
942 _cBK
999 _c10207
_d10207